Hospodárny návrh nosníkov namáhaných pohyblivým zaťažením

Bibliographic Details
Main Author: Gajdoš, Jozef, 1943- (Author)
Format: Article
Language:Slovak
PhysicalDescription:Lit. 2 zázn. v češ.
Subjects:

MARC

LEADER 00000nab a2200000 a 4500
001 vtls000196415
003 SK-MaSNL
005 20260303214312.0
008 111103c1984 xo 0 slo
015 |a SNBRA19rr/mm-uuuuu 
035 |a CL0206528 
040 |a SNKBUCL  |b slo  |c SNKBUCL  |e AACR2 
041 0 |a slo 
044 |a xo  |c SK 
080 |a 621.86.01-21:539.3  |2 1981 
080 |a 539.3  |2 1981 
100 1 |a Gajdoš, Jozef,  |d 1943-  |4 aut  |9 38893 
245 1 0 |a Hospodárny návrh nosníkov namáhaných pohyblivým zaťažením  |c Jozef Gajdoš 
300 |b Lit. 2 zázn. v češ. 
650 0 7 |a nosníky oceľové  |2 snkbucl  |9 948600 
655 7 |a články zo zborníkov  |2 snkbucl  |9 166140 
773 0 |t Zdvíhacie zariadenia v teórii a praxi  |d Žilina : Dom techniky ČSVTS, 1984  |g S. 133-137 
850 |a Slovenská národná knižnica v Martine  |a MTA001 
852 |a SNK  |b KIS3GCP 
958 |a RK 
992 |a RZB 
999 |c 2216331  |d 2218261